000 00611nam a2200145 4500
999 _c2579
_d2579
022 _a978998887811
050 _aHG3751.Ab8
100 _aCarl T. Abruquah
245 _aCredit Management Revision Kit
_cCarl T. Abruquah
260 _aAccra
_bChartered Institute of Bankers(GH)
_c2013
300 _a152p
_bvii, 152p, illus. 25cm
505 _aPreface vii Syllabus 1 Financial Analysis Tutorials 19 Financial Forecasting Tutorials 23 Revision Questions 29 Exam Type Questions 47 Solutions to exam type questions 83 October 2012 Examination paper 135
650 _aCredit
_x Management
942 _cBK